Szöveggyűjtemény. Katona József
Elmentve itt :
| Szerző: | |
|---|---|
| Adatforrás: | Meister |
| Forrásdokumentuma: | Helikon. - 17 sz., 1991, 6-7 p. |
| Nyelv: | magyar |
| Kulcsszavak: | irodalomtörténet KATONA József |
| LEADER | 00338nab a2200133 i 4500 | ||
|---|---|---|---|
| 001 | bibPRO00009211 | ||
| 008 | 060524s1991 xx hun | ||
| 040 | |a Sz1 | ||
| 041 | |a hun | ||
| 100 | 1 | |a ZZZ | |
| 245 | 1 | 0 | |a Szöveggyűjtemény. Katona József |c ZZZ |
| 695 | |a irodalomtörténet | ||
| 695 | |a KATONA József | ||
| 773 | 0 | |t Helikon. - |g 17 sz., 1991, 6-7 p. | |